Catálogo
 En Linea

El progreso de las misiones cristianas / (Registro nro. 25710)

Detalles MARC
000 -CABECERA
campo de control de longitud fija 00581nam a2200181 a 4500
001 - NÚMERO DE CONTROL
campo de control 000026218
005 - FECHA Y HORA DE LA ÚLTIMA TRANSACCIÓN
campo de control 20200930024413.0
008 - DATOS DE LONGITUD FIJA--INFORMACIÓN GENERAL
campo de control de longitud fija 110304s1952 xxu r 000 0 spa d
040 ## - FUENTE DE LA CATALOGACIÓN
Centro catalogador/agencia de origen DO-SdBNP
Lengua de catalogación spa
Centro/agencia transcriptor BNPHU
082 ## - NÚMERO DE LA CLASIFICACIÓN DECIMAL DEWEY
Número de clasificación nn*
Número de documento/Ítem nn*
049 ## - FONDOS LOCALES (OCLC)
Fondos de biblioteca BNGR
100 1# - ENTRADA PRINCIPAL--NOMBRE DE PERSONA
Nombre de persona Hall Glover, Robert.
9 (RLIN) 53241
245 13 - MENCIÓN DE TÍTULO
Título El progreso de las misiones cristianas /
Mención de responsabilidad, etc. Robert Hall Glover ; traducción de Hiram Duffer.
260 ## - PUBLICACIÓN, DISTRIBUCIÓN, ETC.
Lugar de publicación, distribución, etc. Estados Unidos de América :
Nombre del editor, distribuidor, etc. Casa Bautista de Publicaciones,
Fecha de publicación, distribución, etc. [1952].
300 ## - DESCRIPCIÓN FÍSICA
Extensión 556 p. ;
Dimensiones 20 cm.
500 ## - NOTA GENERAL
Nota general Incluye
700 1# - PUNTO DE ACCESO ADICIONAL--NOMBRE DE PERSONA
Nombre de persona Duffer, Hiram,
Término indicativo de función/relación tr.
9 (RLIN) 44282
Existencias
Estado de retiro Estado de pérdida Restricciones de uso No para préstamo Código de colección Localización permanente Ubicación/localización actual Ubicación en estantería Fecha de adquisición Número de inventario Total de préstamos Signatura topográfica completa Código de barras Fecha visto por última vez Precio válido a partir de Tipo de ítem Koha Número de copia
        Monografías: Libros y Folletos General General En catalogación 04.03.2011 LF1   nn* nn* 26218-10 25.06.2020 25.06.2020 Préstamo en sala  
      Préstamo restrigido Monografías: Libros y Folletos General General En catalogación 04.03.2011 LF1   nn* nn* 26218-20 25.06.2020 25.06.2020 Préstamo en sala e. 2

Con tecnología Koha